Famous people who died in aviation accidents #4 - Statistics

General Stats
  • This quiz has been taken 4 times
  • The average score is 1 of 16
Answer Stats
Picture Answer % Correct
Roy Halladay
100%
Cory Lidle
33%
Alan Kulwicki
0%
Aleksandr Lebed
0%
Arvid Lindman
0%
Bernt Carlsson
0%
Boris Trajkovski
0%
Camille Muffat
0%
Ebrahim Raisi
0%
Keith Green
0%
Nelly Diener
0%
Samora Machel
0%
Sanjay Gandhi
0%
Stefan Liv
0%
Thierry Sabine
0%
Vichai Srivaddhanaprabha
0%
No matching quizzes found
Score Distribution
Percent of People with Each Score
Percentile by Number Answered
Your Score History
You have not taken this quiz